000 00711nam a22001935i 4500
001 166542
003 ES-MaACL
005 20250816092953.0
008 050914s1886 sp | |||||||| ||spa d
040 _aCAM
_bspa
_cCAM
100 1 _aTorres y García, Román.
_9133334
245 1 0 _aConferencias y excursiones infantiles.
_nSegunda parte,
_pHigiene y economía doméstica /
_cpor Román Torres y García.
260 _aZaragoza :
_b[s.n.],
_c1886 (
_fTipografía de Comas, Hermanos)
300 _a163 p. ;
_c16 cm.
650 7 _aEconomía doméstica
_2embne
_9135945
650 0 4 _aHigiene.
_913347
852 _aES-MaACL
_jG-10157
_z-- Enc. cart.
_z.- Donat. Ministerio de Fomento
999 _c166542
_d166542